Random integral equations /

Guardado en:
Autor Principal: Bharucha-Reid, A. T.
Formato: Libro
Idioma:English
Publicado: New York : Academic Press, 1972.
Series:Mathematics in science and engineering ; v. 96
Etiquetas: Agregar Etiqueta
Sin Etiquetas, Sea el primero en etiquetar este registro!
LEADER 00693cam a22002055a 4500
001 MAT.inmabb002449
008 730129s1972####nyu######b####001#0#eng##
005 20130325183024.0
245 1 0 |a Random integral equations /  |c A. T. Bharucha-Reid. 
260 |a New York :  |b Academic Press,  |c 1972. 
300 |a xiii, 267 p. ;  |c 24 cm. 
440 0 |a Mathematics in science and engineering ;  |v v. 96 
504 |a Incluye referencias bibliográficas al final de cada capítulo. 
510 4 |a MR,  |c 56 #1459 
020 |a 0120957507 
100 1 |a Bharucha-Reid, A. T.  |q (Albert T.) 
084 |a 60H20 (45F05)  |2 msc2000 
010 |a  72077332  
040 |a DLC  |c DLC  |d DLC 
859 |h 60  |i B575r  |p A-4169  |b BIB. MATEMATICA